5 Największych miast z każdego kraju Europy - Statystyki

Ogólne statystyki
  • Ten quiz został rozwiązany 267 razy
  • Średni wynik to 93 z 232
Statystyki odpowiedzi
Kraj Miasto % Poprawnych
Anglia Londyn
92%
Islandia Reykjavík
89%
Czarnogóra Bar
88%
Hiszpania Madryt
88%
Polska Warszawa
88%
Hiszpania Barcelona
87%
Polska Kraków
87%
Irlandia Dublin
86%
Portugalia Lizbona
86%
Francja Paryż
86%
Niemcy Berlin
85%
Polska Poznań
85%
Włochy Rzym
84%
Polska Wrocław
84%
Holandia Amsterdam
83%
Norwegia Oslo
83%
Belgia Bruksela
82%
Dania Kopenhaga
82%
Polska Łódź
82%
Luksemburg Luksemburg
82%
Anglia Manchester
82%
Niemcy Monachium
82%
Rosja Moskwa
82%
San Marino San Marino
82%
Ukraina Kijów
81%
Austria Wiedeń
81%
Szwajcaria Berno
80%
Czechy Praga
80%
Szwecja Sztokholm
80%
Andora Andora
79%
Węgry Budapeszt
79%
Rumunia Bukareszt
79%
Francja Lyon
79%
Francja Marsylia
79%
Włochy Mediolan
79%
Portugalia Porto
79%
Finlandia Helsinki
78%
Białoruś Mińsk
78%
Estonia Tallinn
78%
Liechtenstein Vaduz
78%
Watykan Watykan
78%
Słowacja Bratysława
77%
Niemcy Hamburg
77%
Monako Monako
77%
Łotwa Ryga
77%
Szkocja Glasgow
75%
Rosja Petersburg
75%
Holandia Rotterdam
75%
Litwa Wilno
75%
Chorwacja Zagrzeb
75%
Grecja Ateny
74%
Włochy Neapol
74%
Włochy Turyn
74%
Bośnia i Hercegowina Sarajewo
73%
Bułgaria Sofia
73%
Słowenia Lublana
72%
Albania Tirana
72%
Szkocja Edynburg
71%
Serbia Belgrad
70%
Holandia Haga
70%
Mołdawia Kiszyniów
70%
Anglia Birmingham
69%
Walia Cardiff
68%
Niemcy Frankfurt
68%
Irlandia Północna Belfast
67%
Ukraina Charków
67%
Macedonia Północna Skopje
67%
Szwajcaria Zurych
66%
Niemcy Kolonia
65%
Hiszpania Walencja
65%
Czechy Brno
64%
Ukraina Donieck
64%
Szwecja Malmö
64%
Kosowo Prisztina
64%
Czarnogóra Podgorica
63%
Grecja Saloniki
62%
Hiszpania Sewilla
62%
Austria Salzburg
61%
Ukraina Odessa
60%
Belgia Antwerpia
59%
Litwa Kowno
59%
Czechy Ostrawa
59%
Austria Graz
57%
Włochy Palermo
56%
Chorwacja Split
56%
Szwajcaria Genewa
55%
Anglia Leeds
55%
Irlandia Cork
53%
Francja Nicea
53%
Szwecja Göteborg
51%
Portugalia Braga
49%
Słowacja Koszyce
49%
Holandia Eindhoven
47%
Litwa Kłajpeda
47%
Austria Linz
47%
Szwajcaria Bazylea
46%
Białoruś Grodno
46%
Norwegia Bergen
44%
Czechy Pilzno
44%
Bułgaria Warna
44%
Serbia Nowy Sad
43%
Ukraina Dniepr
42%
Austria Innsbruck
42%
Rosja Kazań
42%
Norwegia Trondheim
42%
Francja Tuluza
42%
Słowenia Maribor
39%
Chorwacja Rijeka
39%
Rosja Niżny Nowogród
38%
Dania Aarhus
37%
Rumunia Kłuż-Napoka
36%
Hiszpania Saragossa
36%
Holandia Utrecht
36%
Białoruś Homel
35%
Dania Odense
35%
Mołdawia Tyraspol
35%
Szkocja Aberdeen
34%
Węgry Debreczyn
32%
Belgia Gandawa
32%
Anglia Sheffield
32%
Dania Aalborg
31%
Czechy Liberec
31%
Belgia Liège
31%
Walia Swansea
31%
Finlandia Oulu
30%
Malta Mosta
28%
Rosja Nowosybirsk
28%
Chorwacja Osijek
28%
Bułgaria Płowdiw
28%
Bośnia i Hercegowina Banja Luka
27%
Słowacja Żylina
27%
Bułgaria Burgas
26%
Bośnia i Hercegowina Mostar
26%
Finlandia Tampere
25%
Białoruś Witebsk
25%
Chorwacja Zadar
25%
Grecja Heraklion
24%
Serbia Nisz
24%
Kosowo Peć
24%
Estonia Tartu
24%
Szkocja Dundee
23%
Albania Durrës
23%
Łotwa Dyneburg
23%
Słowacja Preszów
23%
Szwecja Uppsala
23%
Belgia Charleroi
22%
Irlandia Galway
22%
Rumunia Konstanca
22%
Węgry Miszkolc
22%
Rumunia Timișoara
22%
Białoruś Mohylew
21%
Norwegia Stavanger
21%
Słowacja Bańska Bystrzyca
20%
Finlandia Espoo
20%
Węgry Pecz
20%
Rumunia Jassy
19%
Litwa Poniewież
18%
Litwa Szawle
18%
Irlandia Północna Derry
17%
Irlandia Limerick
17%
Estonia Narwa
17%
Węgry Segedyn
17%
Islandia Keflavík
16%
Łotwa Lipawa
16%
Albania Szkodra
16%
Luksemburg Dudelange
15%
Słowenia Koper
15%
Grecja Patras
14%
San Marino Serravalle
14%
Słowenia Celje
13%
Liechtenstein Schaan
13%
Mołdawia Bielce
12%
Macedonia Północna Bitola
12%
Łotwa Jełgawa
12%
Islandia Kópavogur
12%
Estonia Parnawa
11%
Szwecja Västerås
11%
Kosowo Prizren
10%
Islandia Akureyri
9%
Łotwa Jurmała
9%
Kosowo Mitrowica
9%
Finlandia Vantaa
9%
Albania Wlora
9%
Serbia Kragujevac
8%
Bułgaria Ruse
8%
Portugalia Vila Nova de Gaia
8%
Irlandia Waterford
8%
Bośnia i Hercegowina Zenica
8%
Portugalia Amadora
7%
Islandia Hafnarfjörður
7%
Walia Newport
7%
Czarnogóra Nikšić
7%
Macedonia Północna Tetowo
7%
Bośnia i Hercegowina Tuzla
7%
Luksemburg Differdange
6%
Luksemburg Esch-sur-Alzette
6%
Norwegia Fredrikstad
6%
Słowenia Kranj
6%
Grecja Larisa
6%
Czarnogóra Pljevlja
6%
Dania Frederiksberg
5%
Szwajcaria Luzanna
5%
Malta Żabbar
5%
Mołdawia Bendery
4%
Malta Birkirkara
3%
Serbia Čačak
3%
Czarnogóra Cetynia
3%
Albania Elbasan
3%
Andora Escaldes-Engordany
3%
Estonia Kohtla-Järve
3%
Macedonia Północna Kumanowo
3%
Liechtenstein Balzers
2%
Andora Encamp
2%
San Marino Fiorentino
2%
Macedonia Północna Prilep
2%
Andora Sant Julià de Lòria
2%
Liechtenstein Triesen
2%
Irlandia Północna Bangor
1%
Walia Barry
1%
San Marino Borgo Maggiore
1%
San Marino Domagnano
1%
Liechtenstein Eschen
1%
Andora La Massana
1%
Szkocja Paisley
1%
Luksemburg Pétange
1%
Irlandia Północna Portadown
1%
Walia Rhondda
1%
Mołdawia Rybnica
1%
Irlandia Północna Armagh
0%
Kosowo Gnjilane
0%
Malta Qormi
0%
Malta San Pawl il-Baħar
0%
Nie znaleziono quizów pasujących do podanych kryteriów
Rozkład punktacji
Procent ludzi z każdym wynikiem
Percentyl według liczby udzielonych odpowiedzi
Twoja historia wyników
Nie rozwiązałeś tego quizu